00503nam a2200193 a 4500001001300000003000900013005001700022008004100039020002300080082001300103100001900116245003500135260004200170300001000212500003500222505001000257650002300267700001900290nice12345678IN_TiNIC20260116014404.0131008s2013 newa grp 000 0 eng  a9780195612240c22500a820bALB aAlbert, Edward aHistoriy of English Literature aNew Delhi bOxford Univ. Press c2013 a663p  aincludes index and biblioraphy2 aIndex aEnglish-Literature1 aAlbert, Edward